000 00531cam a2200205 i 4500
001 2281216
005 20180201042725.0
008 790716s1979 nyu 000 0 eng
010 _a 79018151
020 _a0899480004 :
_c$9.95
040 _aDLC
_cDLC
_dDLC
041 _aeng
080 _a330.122 HAA
082 0 0 _a330.122 HAA
100 _a59
101 _aKAP
245 0 0 _aCapitalism, sources of hostility /
_cedited by Ernest van den Haag.
906 _a7
_bcbc
_corignew
_d1
_eocip
_f19
_gy-gencatlg
942 _2ddc
_cBK
999 _c41491
_d41491